00546nam a2200181Ia 4500003000900000008004100009020001800050040001600068080002500084100002300109245007900132250001200211260005000223300001400273650002200287650003200309700002300341IN-BaIIA211028s9999 xx 000 0 eng d a0-7210-0923-9 cIIA Library a(035)624.012.45bREY aReynolds,Charles E 0aReinforced concrete designer's handbookcC. E. Reynolds and J. C. Steedman a8th ed. aLondonbCement and Concrete Associationc1974 axv, 439p. aCivil engineering aHandbook-Civil Engineering. aSteedman, James C.